000 00642nam a2200193Ia 4500
008 151121s9999||||xx |||||||||||||| ||und||
082 _a920/मिराशी
082 _bHNW-68743
100 _aमिराशी वा।वि। -संपा
245 _aहर्षचरितसार
260 _bमि। ए। मिराशी
260 _c--
300 _a56
600 _aमिराशी वा।वि। -संपा
630 _aहर्षचरितसार
700 _aमिराशी वा।वि। -संपा
730 _aहर्षचरितसार
942 _cBOOK
999 _c1250237
_d1250234